| 000 | 00973nam0a22002771 4500 | ||
|---|---|---|---|
| 001 | rc\4407818 | ||
| 005 | 20130416152110.8 | ||
| 021 |
_aRU _b66-52454 |
||
| 021 |
_aRU _bРг5609-66 |
||
| 035 | _a(NLR Aleph) 008301401 | ||
| 090 |
_a8638341 _c8638341 |
||
| 100 | _a20130416d1966 |||y0rusy50 ca | ||
| 101 | 0 | _arus | |
| 102 | _aRU | ||
| 105 | _aa z ||||| | ||
| 200 | 1 |
_aУстановка для измерения интенсивности космических лучей ИИКЛ-1 _fАкад. наук СССР. Физ. ин-т им. П.Н. Лебедева |
|
| 210 |
_aМосква _cБ. и. _d1966 |
||
| 215 |
_a12 с., 6 л. ил. _d21 |
||
| 300 | _aОтпеч. множит. аппаратом | ||
| 700 | 1 |
_aДрагун _bГ. С. _gГеннадий Семенович |
|
| 701 | 1 |
_aЖданов _bГ. Б. _gГеоргий Борисович |
|
| 801 | 0 |
_aRU _bNLR _gpsbo |
|
| 801 | 1 |
_aRU _bELAR _2rusmarc |
|
| 852 |
_aNLR _j66-4/12811 |
||
| 942 | _cBOOK | ||
| 980 | _aNB | ||